Kúpele Trenč. Teplice

Zobrazenie: V bielom orámovaní - pohľad ponad strechy budov na mesto, vpravo kostol. V pozadí za mestom je zalesnený svah, pod ktorým je lúka

Podrobná bibliografia
Médium: Pohľadnica
Jazyk:slovenčina
čeština
nemčina
maďarčina
Fyzický popis:1 pohľadnica čiernobiela 9 x 14 cm
Vydavateľské údaje: [Bratislava] Minuta [1935?]
Predmet:

MARC

LEADER 00000ckm a2200000 a 4500
001 vtls011787747
003 SK-MaSNL
005 20260512123606.0
007 kp bo
008 240131q1935 xo g 00kuslo
015 |a SNBG1935 
035 |a urn:nbn:sk:snk-km00ebkv 
035 |a urn:nbn:sk:snk-km43flc 
035 |a 1FEADFC5-7C7C-47BE-B6B5-E49143B632AE 
040 |a SNK  |b slo  |c SNK  |e AACR2 
041 0 |a slo  |a cze  |a ger  |a hun 
043 |a e-xo--- 
044 |a xo  |c SK 
072 7 |a 913  |x Regionálna geografia  |2 konspekt 
080 |a 913(437.6)  |2 2011 
080 |a 711.455:615.838  |2 2011 
080 |a (084.121)  |2 2011 
080 |a 726:27-523.42  |2 2011 
245 0 0 |a Kúpele Trenč. Teplice  |h grafika 
246 3 1 |a Trenč. Teplice Láznĕ 
246 3 1 |a Bad Trenč. Teplice 
246 3 1 |a Trenč. Teplice fürdő 
246 3 3 |a Kúpele Trenčianske Teplice 
260 |a [Bratislava]  |b Minuta  |c [1935?]  |e Prague II  |f JKO 
300 |a 1 pohľadnica  |b čiernobiela  |c 9 x 14 cm 
500 |a Na adresnej časti uvedené: "S 45/96" 
520 8 |a Zobrazenie: V bielom orámovaní - pohľad ponad strechy budov na mesto, vpravo kostol. V pozadí za mestom je zalesnený svah, pod ktorým je lúka 
546 |a Súbežný názov v češtine, nemčine a maďarčine 
610 2 7 |a Kúpele Trenčianske Teplice (Slovensko)  |2 SNKKA  |9 189670 
650 0 7 |a kúpele  |2 SNKPH  |9 1139 
650 0 7 |a kostoly  |2 SNKPH  |9 3023 
651 7 |a Trenčianske Teplice (Slovensko)  |2 SNKPHgeo  |9 14503 
655 7 |a miestne pohľadnice  |2 SNKPH  |9 70510 
752 |a Česko  |d Praha 
852 |a Slovenská národná knižnica 
958 |a GBN 
958 |a GC 
958 |a OND 
958 |a EUIPO 
999 |c 772152  |d 774082 
952 |a SNK  |b SNK  |y PREZ  |7 0  |p 17A1338355  |o snkSP 107477  |z Pohľadnica prešla poštou.  |0 0  |1 0  |4 0  |d 2018-10-25  |f 1  |l 0  |r 2026-02-24 00:38:35  |w 2026-02-24